NLSUI OPAC header image

Law and anthropology : Natural resources, environment, and legal pluralism (Record no. 15397)

MARC details
000 -LEADER
fixed length control field 02328nam a2200217Ia 4500
003 - CONTROL NUMBER IDENTIFIER
control field OSt
005 - DATE AND TIME OF LATEST TRANSACTION
control field 20220101160316.0
008 - FIXED-LENGTH DATA ELEMENTS--GENERAL INFORMATION
fixed length control field 160316s1997 xxu||||| |||| 00| 0 eng d
020 ## - INTERNATIONAL STANDARD BOOK NUMBER
International Standard Book Number 9041103899
040 ## - CATALOGING SOURCE
Transcribing agency .
082 ## - DEWEY DECIMAL CLASSIFICATION NUMBER
Classification number 344.046 KUP
Item number KUP
100 ## - MAIN ENTRY--PERSONAL NAME
Personal name Kuppe Rene
245 ## - TITLE STATEMENT
Title Law and anthropology : Natural resources, environment, and legal pluralism
260 ## - PUBLICATION, DISTRIBUTION, ETC.
Place of publication, distribution, etc. The Hague
Name of publisher, distributor, etc. Martinus Nijhoff Publishers
Date of publication, distribution, etc. 1997
300 ## - PHYSICAL DESCRIPTION
Extent 325p
Dimensions vii
365 ## - TRADE PRICE
Price amount Rs.5,070.20
505 ## - FORMATTED CONTENTS NOTE
Formatted contents note CONTENTS;<br/>Introduction;<br/>-Franz von Benda-Beckmann<br/>Citizens, Strangers, and Indigenous People:<br/>Multiple Constructions and Consequences of Rights, <br/>Resources and People ;<br/><br/>-June Prill-Brett<br/>Ancestral Land Rights and Legal Pluralism:<br/>Another Land Reform in the Northern Philippines Highland ....... 43<br/><br/>-Monique Nuijlen<br/>Privatization of the Ejido in Mexico: The Interplay Between<br/>Legal Change and Local Practice ........... 72<br/>ick van de Giesen and Marc Andreini<br/>Legal Quagmires: Wetland Use in Rwanda and Zimbabwe ......... 105<br/><br/>Cyprian Fisiy<br/>Conflicting Approaches to the Management of a<br/>Natural Resource Base: The Case of Land Colonization on the<br/>Slopes of Mount Oku, Cameroon ...... 124<br/><br/>David Mardiros<br/>Fighting for Country:<br/>Aboriginal Land Associations and Common Law Claims<br/>in the Kimberley Region of Western Australia ............ 146<br/><br/>Richard Cullen<br/>Natural Resources in the Offshore:<br/>The Australian Position after Mabo's Case.... . .... 158<br/><br/>John Bayly<br/>The Denedeh Conservation Board: An Experiment in Aboriginal<br/>Resources and Environmental Management........... 175<br/>Stephen Conn<br/><br/>Nuclear Waste and Eskimo Hunters:<br/>A Clash of Law Ways and Culture .......... 211<br/><br/>Monika Ludesche<br/>EI Regimen Legal de los Recursos Naturales en el Peril y sus<br/>Consecuencias para los Pueblos Indigenas de la Amazonia ....... .. 226<br/><br/>Rene Kuppe<br/>The Indigenous Peoples of Venezuela Between<br/>Agrarian Law and Environmental Law ...... 244<br/><br/>Willernien Brooijmans<br/>The Plains of Tortuguero: Tropical Paradise or Paradise Lost? ... 258<br/><br/>Keebet von Benda-Beckmann<br/>Environmental Protection: A Trojan Horse<br/>for Human Rights of Indigenous People? .... 302<br/>List of Contributors ….324<br/>
650 ## - SUBJECT ADDED ENTRY--TOPICAL TERM
Topical term or geographic name entry element 1. Environmental Protection2. Natural Resources - Consevations
700 ## - ADDED ENTRY--PERSONAL NAME
Personal name Potz Richard
--
942 ## - ADDED ENTRY ELEMENTS (KOHA)
Source of classification or shelving scheme Dewey Decimal Classification
Koha item type Repository
Holdings
Withdrawn status Lost status Damaged status Not for loan Home library Current library Shelving location Date acquired Cost, normal purchase price Total Checkouts Full call number Barcode Date last seen Price effective from Koha item type
        . . Library Compactors 30.05.2017 5070.20   344.046 KUP 15386 30.05.2017 30.05.2017 BOOKs